Top 30 male players with the highest base cards in FC 26 - Statistics

General Stats
  • This quiz has been taken 17 times
  • The average score is 23 of 30
Answer Stats
Rated Nation Answer % Correct
90 France Dembélé
94%
89 Morocco Hakimi
94%
91 Egypt Salah
94%
87 Belgium De Bruyne
88%
90 Norway Haaland
88%
89 England Kane
88%
88 Poland Lewandowski
88%
91 France Mbappé
88%
90 Spain Rodri
88%
89 Uruguay Valverde
88%
90 Netherlands Van Dijk
88%
89 Brazil Alisson
81%
90 England Bellingham
81%
88 Argentina Lautaro Martínez
81%
89 Brazil Raphinha
81%
89 Brazil Vini Jr
81%
87 Portugal Bruno Fernandes
75%
89 Italy Donnarumma
75%
88 Slovenia Oblak
75%
87 Switzerland Sommer
75%
89 Portugal Vitinha
75%
89 Spain Yamal
75%
89 Belgium Courtois
69%
88 Sweden Isak
69%
88 Germany Musiala
69%
89 Spain Pedri
69%
89 Germany Kimmich
63%
88 England Saka
63%
89 Germany Wirtz
56%
88 Brazil Gabriel
50%
No matching quizzes found
Score Distribution
Percent of People with Each Score
Percentile by Number Answered
Your Score History
You have not taken this quiz